000 01290nam a2200289 i 4500
001 768714001
003 CO-MdFUSB
005 20250811143633.0
007 ta
008 220810b enk |||| |||| 00| 0 eng d
040 _aCO-MdFUSB
_bspa
_cCO-MdFUSB
_dCO-MdFUSBC
_erda
041 _aeng
082 _223
_a229.07
_bAP643
245 1 4 _aThe apocrypha
_c/ Introducción por Robert H. Pfeiffer
264 0 _aLondres :
_bEyre and Spottiswoode,
_c[Fecha de publicación no identificada]
300 _a295 páginas
_c; 17 cm
336 _2rdacontent
_atexto
_btxt
337 _2rdamedia
_asin mediación
_bn
338 _2rdacarrier
_avolumen
_bnc
505 _aI Esdras. -- II Esdras. -- Tobías. -- Judith. -- El resto de los capítulos del libro. -- De Ester la sabiduría de salomón. -- La sabiduría de Jesús hijo de Sirach o Eclesiástico. -- Baruch. -- La epístola de Jeremías. -- El canto de los tres santos niños la historia de Susanna. -- La historia de la destrucción de bel y el dragón. -- La oración de Manasés. -- El primer libro de los Macabeos el segundo libro de los Macabeos.
563 _aPasta dura
630 0 7 _aBiblia.
_pApócrifos
700 _aPfeiffer, Robert Henry,
_911808
_eintroductor
942 _cBK
945 _aJTF-925
999 _c68059
_d68059